000 00552nam a22002057a 4500
005 20251108173547.0
008 250721s2005 xx 000 0 eng d
020 _a781726794
082 1 4 _a618/MOR
100 1 _aMorgan, Mark
245 1 0 _aNational Medical Series For Independent Study Obstetrics and Gynecology /
250 _a5.ed
264 1 _aBaltimore :
_bLippincortt Williams & Wilkins,
_c2005.
300 _a498 p.
650 1 7 _aOBSTETRICS
650 1 7 _aGYNECOLOGY
700 1 _aSiddighi, Sam
942 _2ddc
_cBK
999 _c106820
_d106820